| 000 | 00658nam a22002417a 4500 | ||
|---|---|---|---|
| 003 | UA-OsUOA | ||
| 001 | 52142 | ||
| 007 | ta | ||
| 008 | 20150526b un ||||| |||| 00| 0 ukr d | ||
| 100 | _aСомко О. | ||
| 090 |
_a09.-82-1 _bС61 |
||
| 942 | _cBK | ||
| 040 |
_aUA-OsUOA _bukr _cUA-OsUOA _dUA-OsUOA |
||
| 245 | _aВіршотвори | ||
| 300 | _a96 с. | ||
| 955 | _a3 | ||
| 041 | _aukr | ||
| 080 | _a09.-82-1 | ||
| 260 | _aНовий Ульм; Бетлегем | ||
| 650 | 7 |
_a0 Загальний відділ. _2UDC |
|
| 999 |
_c432251 _d432251 |
||